Statystyki dla Największe miasta śródziemnomorskie

Kliknij tutaj aby rozwiązać quiz!

Ogólne statystyki

  • Ten quiz został rozwiązany 2 959 razy
  • Średni wynik to 9 z 16

Statystyki odpowiedzi

LudnośćKontynentMiasto% Poprawnych
3,38 mlnEuropaAteny
89%
3,60 mlnEuropaRzym
89%
4,70 mlnEuropaBarcelona
85%
2,58 mlnAfrykaTunis
78%
3,83 mlnAfrykaAlgier
76%
4,23 mlnEuropaNeapol
71%
5,85 mlnAfrykaAleksandria
70%
1,66 mlnEuropaMarsylia
63%
1,18 mlnAfrykaTrypolis
56%
2,63 mlnAzjaTel Awiw-Jafa
55%
1,75 mlnAzjaBejrut
50%
1,76 mlnEuropaWalencja
46%
3,00 mlnAzjaIzmir
32%
1,24 mlnAzjaAntalya
27%
1,42 mlnAfrykaOran
15%
1,91 mlnAzjaGaza
9%

Rozkład punktacji

Percentyl według liczby udzielonych odpowiedzi

Procent ludzi z każdym wynikiem

Twoja historia wyników

Nie rozwiązałeś tego quizu